[Event "Var ch 0607"]
[Site "Toulon"]
[Date "2006.??.??"]
[Round "3.16"]
[White "Maurage, Jacky"]
[Black "Buisson, Christophe"]
[Result "1-0"]
[WhiteElo "1670"]
[BlackElo "1580"]
[PlyCount "64"]
[EventDate "2006.??.??"]
[EventType "swiss"]
[EventRounds "7"]
[EventCountry "FRA"]

1. c4 Nf6 2. Nc3 e6 3. e4 d5 4. e5 Nfd7 5. d4 c5 6. cxd5 cxd4 7. Qxd4 Bc5 8.
Qe4 Qb6 9. Nh3 f5 10. Qa4 O-O 11. f4 Be3 12. Qb5 Qd4 13. Bxe3 Qxe3+ 14. Qe2 Qd4
15. Rd1 Qb6 16. dxe6 Nc5 17. Rd6 Nc6 18. e7 Re8 19. Nd5 Qa5+ 20. Nc3 Rxe7 21.
Qb5 Bd7 22. Bc4+ Be6 23. Bxe6+ Rxe6 24. Rxe6 Nxe6 25. Qxb7 Rb8 26. Qxc6 Nd4 27.
Qc4+ Kf8 28. O-O Qb6 29. Kh1 h6 30. Rd1 Nb5 31. Nxb5 Qxb5 32. Qxb5 Rxb5 1-0

[Event "Hyeres"]
[Site "Hyeres"]
[Date "2005.07.29"]
[Round "?"]
[White "Banuls, Adrien"]
[Black "Ramazzotti, Bernard"]
[Result "0-1"]
[WhiteElo "1780"]
[BlackElo "1920"]
[PlyCount "70"]
[EventDate "2005.??.??"]
[EventCountry "FRA"]

1. e4 c5 2. Nf3 d6 3. c3 Nf6 4. Qc2 Nc6 5. d4 cxd4 6. cxd4 Bd7 7. Nc3 Rc8 8.
Qb3 Na5 9. Qd1 e6 10. Bd3 Be7 11. O-O O-O 12. Qe2 Nc6 13. Be3 a6 14. h3 b5 15.
a3 Na5 16. b4 Rxc3 17. bxa5 d5 18. e5 Ne4 19. Nd2 f5 20. exf6 Nxf6 21. Nf3 Rxa3
22. Rxa3 Bxa3 23. Bd2 Bd6 24. Ng5 Re8 25. Nxh7 Nxh7 26. Qh5 Nf6 27. Qh4 Ne4 28.
Qh5 Qf6 29. Bc1 Rc8 30. f3 Qxd4+ 31. Kh1 Ng3+ 32. Kh2 Nxf1+ 33. Kh1 Ng3+ 34.
Kh2 Ne2+ 35. Kh1 Qg1# 0-1

[Event "Hyeres"]
[Site "Hyeres"]
[Date "2005.07.31"]
[Round "?"]
[White "Bassat, Mael"]
[Black "Coraboeuf, Alain"]
[Result "0-1"]
[WhiteElo "1750"]
[BlackElo "1807"]
[PlyCount "96"]
[EventDate "2005.??.??"]
[EventCountry "FRA"]

1. c4 d6 2. Nc3 c6 3. d4 g6 4. e4 Bg7 5. f3 Qb6 6. Nge2 Qc7 7. Be3 a6 8. Qd2 b5
9. cxb5 axb5 10. b4 Ba6 11. Rc1 Nf6 12. Ng3 O-O 13. Nxb5 Qd7 14. Nc3 Bxf1 15.
Kxf1 Qb7 16. Rb1 Nbd7 17. Kf2 h5 18. Rhc1 Rac8 19. Qd3 Nb6 20. a4 e5 21. a5
Nbd7 22. b5 exd4 23. Bxd4 c5 24. Be3 Ne5 25. Qd1 Nc4 26. a6 Nxe3 27. Kxe3 Qa8
28. Nge2 Bh6+ 29. f4 Ng4+ 30. Kf3 Nxh2+ 31. Kg3 Ng4 32. Nd5 Rce8 33. Nec3 Qd8
34. b6 f5 35. b7 fxe4 36. b8=Q Qd7 37. Qxe8 Rxe8 38. Rb7 Qf5 39. Qb3 h4+ 40.
Kh3 Ne3+ 41. Kh2 c4 42. Qb5 Bxf4+ 43. Nxf4 Qxf4+ 44. Kg1 Rf8 45. Qb2 Ng4 46.
Rg7+ Kxg7 47. Nd5+ Qe5 48. Qxe5+ Nxe5 0-1

[Event "Hyeres"]
[Site "Hyeres"]
[Date "2005.08.14"]
[Round "?"]
[White "Bassat, Mael"]
[Black "Coulomb, Julien"]
[Result "0-1"]
[WhiteElo "1730"]
[BlackElo "1940"]
[PlyCount "62"]
[EventDate "2005.??.??"]
[EventCountry "FRA"]

1. c4 e5 2. Nc3 Nf6 3. g3 Bb4 4. Bg2 O-O 5. d3 c6 6. a3 Bxc3+ 7. bxc3 d5 8.
cxd5 cxd5 9. Qc2 Nbd7 10. Nf3 Qc7 11. O-O b6 12. Nd2 Bb7 13. c4 Rac8 14. Bb2 b5
15. Rac1 bxc4 16. dxc4 Ba6 17. Qa4 Nc5 18. Qd1 Rb8 19. Ba1 d4 20. Qc2 Nfd7 21.
Be4 Nxe4 22. Nxe4 Rfc8 23. Nd2 Nb6 24. c5 Bxe2 25. Rfe1 d3 26. Qa2 Nd7 27. Ne4
Nf6 28. Nxf6+ gxf6 29. Rxe2 dxe2 30. Qxe2 Qc6 31. Qc4 Rb5 0-1

[Event "Hyeres"]
[Site "Hyeres"]
[Date "2005.08.15"]
[Round "?"]
[White "Bassat, Mael"]
[Black "Djoudi, Amar"]
[Result "0-1"]
[WhiteElo "1730"]
[BlackElo "2145"]
[PlyCount "42"]
[EventDate "2005.??.??"]
[EventCountry "FRA"]

1. c4 f5 2. Nc3 Nf6 3. d4 e6 4. Nf3 d5 5. cxd5 exd5 6. e3 c6 7. Bd3 Bd6 8. Ne5
Bxe5 9. dxe5 Ne4 10. Nxe4 fxe4 11. Be2 Qg5 12. O-O Bh3 13. g3 Bxf1 14. Bxf1 O-O
15. Qc2 Nd7 16. Bd2 Nxe5 17. Be2 Nf3+ 18. Kg2 Nxh2 19. Bc3 Ng4 20. Rf1 Rxf2+
21. Rxf2 Nxe3+ 0-1

[Event "Hyeres"]
[Site "Hyeres"]
[Date "2005.08.13"]
[Round "?"]
[White "Bassat, Mael"]
[Black "Gauffriaud, Carine"]
[Result "0-1"]
[WhiteElo "1730"]
[BlackElo "1730"]
[PlyCount "89"]
[EventDate "2005.??.??"]
[EventCountry "FRA"]

1. e4 e5 2. Nf3 d5 3. exd5 e4 4. Qe2 Nf6 5. Nc3 Be7 6. Nxe4 Nxd5 7. d4 O-O 8.
Qd3 Re8 9. Be2 Nb4 10. Qb3 Bf5 11. Bd3 Nxd3+ 12. cxd3 Nc6 13. Be3 Bxe4 14. dxe4
Bb4+ 15. Kf1 Bf8 16. Qxb7 Na5 17. Qd5 Qxd5 18. exd5 Bd6 19. b3 Rad8 20. Rc1 Nb7
21. Nd2 Rd7 22. g3 Bb4 23. Nf3 f6 24. Kg2 Bd6 25. Rc2 Nd8 26. Re1 Nf7 27. Bd2
Rxe1 28. Bxe1 Nd8 29. Bd2 Nf7 30. Ba5 Nh6 31. Rc6 Nf5 32. Ra6 Ne7 33. Rxa7 Nxd5
34. Nd2 Kf7 35. Ne4 Ke6 36. Nxd6 Kxd6 37. Ra6+ Ke7 38. Rc6 Rd6 39. Rxd6 Kxd6
40. Kf3 Ne7 41. Bb4+ Kd7 42. Bxe7 Kxe7 43. Ke4 Kd6 44. b4 c6 45. a4 0-1

[Event "Hyeres"]
[Site "Hyeres"]
[Date "2005.08.14"]
[Round "?"]
[White "Baudson, Charles"]
[Black "Ramazzotti, Bernard"]
[Result "0-1"]
[WhiteElo "2022"]
[BlackElo "1920"]
[PlyCount "44"]
[EventDate "2005.??.??"]
[EventCountry "FRA"]

1. e4 e5 2. Nf3 Nc6 3. Bc4 Nf6 4. Nc3 Be7 5. O-O O-O 6. d3 d6 7. h3 a6 8. a3 h6
9. Nh2 b5 10. Ba2 Nd4 11. f4 exf4 12. Bxf4 Be6 13. Be3 Bxa2 14. Rxa2 Ne6 15.
Qf3 Nd7 16. Ng4 Ne5 17. Nxe5 dxe5 18. Qg3 Bg5 19. Rf5 Bf4 20. Bxf4 Nxf4 21. Ra1
Kh7 22. Nd5 Ne2+ 0-1

[Event "Hyeres"]
[Site "Hyeres"]
[Date "2005.08.13"]
[Round "?"]
[White "Baudson, Charles"]
[Black "Salvetti, Julien"]
[Result "1/2-1/2"]
[WhiteElo "2022"]
[BlackElo "1730"]
[PlyCount "75"]
[EventDate "2005.??.??"]
[EventCountry "FRA"]

1. e4 e6 2. d4 d5 3. Bd3 c5 4. c3 Nc6 5. Nf3 Qb6 6. exd5 exd5 7. Qe2+ Be7 8.
dxc5 Qxc5 9. Be3 Qd6 10. h3 Nf6 11. Qc2 h6 12. Nbd2 O-O 13. Nb3 b6 14. Nbd4 Re8
15. O-O Nxd4 16. Nxd4 Bd7 17. Qd2 Qc7 18. Rad1 Bd6 19. Bf5 Rad8 20. Bxd7 Qxd7
21. Rfe1 Ne4 22. Qd3 Bb8 23. Nb3 Qc7 24. f3 Qh2+ 25. Kf1 Ng3+ 26. Kf2 Nh5 27.
Rg1 Qg3+ 28. Kf1 Nf4 29. Bxf4 Bxf4 30. Qc2 Re3 31. Qf2 Rde8 32. Nc1 R3e6 33.
Nd3 Qxf2+ 34. Nxf2 Bg3 35. Rh1 Re2 36. Nd3 R2e3 37. Nf2 Re2 38. Nd3 1/2-1/2

[Event "Hyeres"]
[Site "Hyeres"]
[Date "2005.08.15"]
[Round "?"]
[White "Baudson, Charles"]
[Black "Tissot, Fabien"]
[Result "1-0"]
[WhiteElo "2022"]
[BlackElo "1815"]
[PlyCount "77"]
[EventDate "2005.??.??"]
[EventCountry "FRA"]

1. e4 e6 2. d4 c5 3. c3 b6 4. Nf3 Ba6 5. Bxa6 Nxa6 6. O-O Nf6 7. d5 Qc7 8. d6
Bxd6 9. Qe2 Nxe4 10. Qxe4 O-O 11. h3 Be7 12. Bf4 d5 13. Qe3 Bd6 14. Bxd6 Qxd6
15. Ng5 Nc7 16. Qd3 f5 17. Re1 e5 18. Qg3 Rae8 19. Nd2 h6 20. Ngf3 f4 21. Qg4
e4 22. Nh2 Rf6 23. Rad1 Rg6 24. Qh5 Re5 25. Qh4 Reg5 26. Nxe4 Rxg2+ 27. Kh1 Qc6
28. Nd2 d4 29. Ne4 Ne6 30. Ng4 f3 31. Ne5 Qc7 32. Ng3 R6xg3 33. fxg3 Rxb2 34.
Nxf3 Qc6 35. Qe4 Qxe4 36. Rxe4 Kf7 37. cxd4 cxd4 38. Ra1 d3 39. Ne5+ 1-0

[Event "Hyeres"]
[Site "Hyeres"]
[Date "2005.08.01"]
[Round "?"]
[White "Baudson, Julien"]
[Black "Paccard, Jacques"]
[Result "1-0"]
[WhiteElo "1928"]
[BlackElo "1836"]
[PlyCount "87"]
[EventDate "2005.??.??"]
[EventCountry "FRA"]

1. e4 Nf6 2. e5 Nd5 3. Nf3 d6 4. exd6 exd6 5. d4 Be7 6. Bd3 Bg4 7. Be4 c6 8.
Bxd5 cxd5 9. c3 O-O 10. O-O Nd7 11. Bf4 Nf6 12. Qd3 Bxf3 13. Qxf3 Qb6 14. Qe2
Rfe8 15. Na3 a6 16. Rfb1 Qc6 17. Nc2 b5 18. Qf3 Ne4 19. Re1 f5 20. Ne3 g6 21.
g4 g5 22. Bg3 f4 23. Bxf4 gxf4 24. Qxf4 Rf8 25. Nf5 Bg5 26. Qf3 Ra7 27. Qd3 Kh8
28. f3 Nf6 29. h4 Bf4 30. Re2 Qc4 31. Qc2 Qc8 32. Rae1 Re8 33. Ne7 Qd7 34. Nf5
Rxe2 35. Qxe2 a5 36. Qe6 Qxe6 37. Rxe6 Rf7 38. Ne7 Kg7 39. g5 Ne8 40. Nxd5 Nc7
41. Nxf4 Rxf4 42. Rxd6 a4 43. Kg2 Kf7 44. Rd7+ 1-0

[Event "Hyeres"]
[Site "Hyeres"]
[Date "2005.08.01"]
[Round "?"]
[White "Baudson, Julien"]
[Black "Ramazzotti, Bernard"]
[Result "0-1"]
[WhiteElo "1928"]
[BlackElo "1920"]
[PlyCount "64"]
[EventDate "2005.??.??"]
[EventCountry "FRA"]

1. d4 d5 2. Nf3 Nf6 3. e3 Bg4 4. Bd3 Nbd7 5. b3 e5 6. dxe5 Nxe5 7. Bb2 Nxd3+ 8.
Qxd3 Bb4+ 9. c3 Bd6 10. Qb5+ Qd7 11. Qxb7 O-O 12. Nbd2 a5 13. Nd4 Rfb8 14. Qc6
Qe7 15. Qa4 Bd7 16. Nc6 Qe8 17. Qh4 Bxc6 18. c4 Be5 19. Bxe5 Qxe5 20. O-O a4
21. cxd5 Bxd5 22. bxa4 Rb2 23. Nf3 Bxf3 24. gxf3 Qh5 25. Qd4 Rb6 26. Rfd1 Rd6
27. Qf4 Nd5 28. Qc4 Rg6+ 29. Kf1 Nxe3+ 30. fxe3 Qxf3+ 31. Ke1 Qxe3+ 32. Qe2
Rg1# 0-1

[Event "Hyeres"]
[Site "Hyeres"]
[Date "2005.08.14"]
[Round "?"]
[White "Bouchelil, Cyril"]
[Black "Tissot, Fabien"]
[Result "0-1"]
[WhiteElo "1640"]
[BlackElo "1815"]
[PlyCount "52"]
[EventDate "2005.??.??"]
[EventCountry "FRA"]

1. d4 Nf6 2. c4 g6 3. Nc3 d5 4. cxd5 Nxd5 5. e4 Nxc3 6. bxc3 Bg7 7. Bc4 c5 8.
Qa4+ Bd7 9. Qb3 O-O 10. Ne2 cxd4 11. cxd4 Nc6 12. Bb2 Na5 13. Qd3 Nxc4 14. Qxc4
Rc8 15. Qd5 e6 16. Qb3 Bc6 17. f3 Qh4+ 18. g3 Qe7 19. Ba3 Qd7 20. Bxf8 Kxf8 21.
Qb4+ Kg8 22. O-O Bb5 23. Rfe1 Bxe2 24. Rxe2 Qxd4+ 25. Qxd4 Bxd4+ 26. Kg2 Bxa1
0-1

[Event "Hyeres"]
[Site "Hyeres"]
[Date "2005.08.15"]
[Round "?"]
[White "Candela, Leo Thierry"]
[Black "Menardo, Philippe"]
[Result "0-1"]
[WhiteElo "1620"]
[BlackElo "1630"]
[PlyCount "106"]
[EventDate "2005.??.??"]
[EventCountry "FRA"]

1. e4 c6 2. Nc3 d5 3. Nf3 dxe4 4. Nxe4 Bg4 5. h3 Bxf3 6. Qxf3 Nf6 7. Nxf6+ exf6
8. Qb3 Qe7+ 9. Be2 g6 10. c3 Bg7 11. d4 O-O 12. Be3 Re8 13. O-O-O Qc7 14. g3
Nd7 15. Bd3 Nb6 16. Bf4 Qd7 17. d5 Nxd5 18. Bc4 g5 19. Be3 b6 20. h4 h6 21.
Bxd5 cxd5 22. Rxd5 Qe7 23. Rhd1 Rad8 24. Qc4 Rxd5 25. Qxd5 gxh4 26. gxh4 f5 27.
Qd7 Kf8 28. Qxe7+ Kxe7 29. Rd5 Ke6 30. Rb5 h5 31. Kd1 Bf6 32. Rb4 Rg8 33. f3
Rg3 34. Ke2 Rg2+ 35. Kf1 Rh2 36. Kg1 Rxh4 37. Rxh4 Bxh4 38. Kg2 Ke5 39. Bd4+
Kd5 40. b3 Be1 41. Kh3 Kc6 42. a4 a6 43. c4 b5 44. c5 bxa4 45. bxa4 Bb4 46. Kh4
Bxc5 47. Bc3 Kd5 48. Kxh5 Kc4 49. Ba1 Bd4 50. Bxd4 Kxd4 51. Kg5 Ke5 52. f4+ Ke4
53. Kh5 Kxf4 0-1

[Event "Hyeres"]
[Site "Hyeres"]
[Date "2005.07.29"]
[Round "?"]
[White "Chopin, Laetitia"]
[Black "Bassat, Mael"]
[Result "0-1"]
[WhiteElo "1490"]
[BlackElo "1730"]
[PlyCount "40"]
[EventDate "2005.??.??"]
[EventCountry "FRA"]

1. e4 e5 2. Nf3 d5 3. exd5 e4 4. Qe2 Nf6 5. Nc3 Be7 6. Nxe4 Nxd5 7. c4 Nb6 8.
d3 O-O 9. c5 Nd5 10. d4 Re8 11. Qc4 Bf8 12. Bd3 f5 13. O-O fxe4 14. Re1 Bf5 15.
Nh4 Qd7 16. f3 Be6 17. Bxe4 Nc6 18. Qd3 Nf6 19. Bf5 Bxf5 20. Qxf5 Rxe1+ 0-1

[Event "Hyeres"]
[Site "Hyeres"]
[Date "2005.07.29"]
[Round "?"]
[White "Coraboeuf, Alain"]
[Black "Banuls, Adrien"]
[Result "1/2-1/2"]
[WhiteElo "1807"]
[BlackElo "1780"]
[PlyCount "92"]
[EventDate "2005.??.??"]
[EventCountry "FRA"]

1. c4 c5 2. g3 Nc6 3. Bg2 b6 4. e3 Bb7 5. d3 Nf6 6. Ne2 e6 7. O-O Be7 8. Nbc3
O-O 9. a3 d5 10. cxd5 exd5 11. Rb1 Qd7 12. Nf4 Ne5 13. d4 cxd4 14. exd4 Ng6 15.
Bh3 Qd8 16. Re1 Bc8 17. Bg2 Bb7 18. b4 Rc8 19. Nxg6 fxg6 20. Qb3 Rc4 21. Bg5
Rxd4 22. Be3 Rc4 23. h3 Ba8 24. Bg5 h6 25. Be3 Rc7 26. Rbd1 Rd7 27. Bd4 Ne8 28.
Ne2 g5 29. g4 Bf6 30. Be3 Be5 31. Nd4 Nc7 32. a4 Bf4 33. b5 Bxe3 34. Rxe3 Rdf7
35. Re2 Rf4 36. Nf5 R4xf5 37. gxf5 Rxf5 38. Rde1 Rf7 39. Qd3 Qf6 40. Rc1 Bb7
41. Qg3 Ne6 42. Qd3 Nf4 43. Re8+ Rf8 44. Rxf8+ Qxf8 45. Qf3 d4 46. Qb3+ Kh8
1/2-1/2

[Event "Hyeres"]
[Site "Hyeres"]
[Date "2005.08.14"]
[Round "?"]
[White "Coraboeuf, Alain"]
[Black "Lamberti, Hugo"]
[Result "0-1"]
[WhiteElo "1807"]
[BlackElo "2009"]
[PlyCount "74"]
[EventDate "2005.??.??"]
[EventCountry "FRA"]

1. c4 e5 2. g3 d6 3. Bg2 c6 4. e3 Be6 5. d3 g6 6. Nc3 f5 7. Nge2 Bg7 8. b4 Nf6
9. Rb1 a6 10. a4 Nbd7 11. O-O O-O 12. b5 axb5 13. cxb5 d5 14. bxc6 bxc6 15. f4
Re8 16. h3 Nh5 17. Kh2 Rc8 18. Bd2 d4 19. exd4 exd4 20. Ne4 fxe4 21. dxe4 c5
22. e5 Bf8 23. a5 Nb8 24. Bb7 Rc7 25. a6 Nxa6 26. Bxa6 Qd5 27. Rb6 c4 28. Qa4
Bd7 29. Qa2 Be6 30. Qa4 Ng7 31. Ba5 Rc5 32. Bb4 Qe4 33. Qa2 Bd5 34. Rg1 c3 35.
Qa1 d3 36. Nc1 Qe3 37. Bxd3 Qf2+ 0-1

[Event "Hyeres"]
[Site "Hyeres"]
[Date "2005.08.15"]
[Round "?"]
[White "Coulomb, Julien"]
[Black "Djoudi, Amar"]
[Result "0-1"]
[WhiteElo "1940"]
[BlackElo "2145"]
[PlyCount "36"]
[EventDate "2005.??.??"]
[EventCountry "FRA"]

1. e4 d5 2. exd5 Qxd5 3. Nc3 Qd6 4. Bc4 Nf6 5. d3 a6 6. Nge2 b5 7. Bb3 Bb7 8.
Bf4 e5 9. Bg3 Bxg2 10. Rg1 Bf3 11. Qd2 Nc6 12. O-O-O h5 13. h4 g6 14. Rde1
O-O-O 15. Kb1 Bh6 16. Qd1 b4 17. Na4 Ng4 18. Bxf7 Nd4 0-1

[Event "Hyeres"]
[Site "Hyeres"]
[Date "2005.08.13"]
[Round "?"]
[White "Coulomb, Julien"]
[Black "Lamberti, Hugo"]
[Result "0-1"]
[WhiteElo "1940"]
[BlackElo "2009"]
[PlyCount "36"]
[EventDate "2005.??.??"]
[EventCountry "FRA"]

1. e4 c5 2. Nf3 Nc6 3. d4 cxd4 4. Nxd4 g6 5. Be3 Bg7 6. Nc3 Nf6 7. f3 O-O 8.
Qd2 d5 9. O-O-O Nxd4 10. Bxd4 dxe4 11. Nxe4 Nxe4 12. fxe4 Qc7 13. Bxg7 Kxg7 14.
Be2 Be6 15. Qd4+ Kg8 16. Kb1 Rac8 17. Qa4 a6 18. a3 b5 0-1

[Event "Hyeres"]
[Site "Hyeres"]
[Date "2005.08.15"]
[Round "?"]
[White "De Rouze, Guillaume"]
[Black "Descamps, Thomas"]
[Result "1/2-1/2"]
[WhiteElo "1700"]
[BlackElo "1820"]
[PlyCount "54"]
[EventDate "2005.??.??"]
[EventCountry "FRA"]

1. d4 d5 2. e4 dxe4 3. Nc3 Nf6 4. f3 exf3 5. Nxf3 Bf5 6. Ne5 e6 7. g4 Bg6 8.
Qf3 c6 9. g5 Nfd7 10. Nxg6 hxg6 11. Bd3 Nb6 12. Rf1 Qd7 13. Ne4 Na6 14. Bxa6
bxa6 15. Bd2 Nc8 16. Bc3 Bd6 17. O-O-O Qe7 18. Nc5 Qxg5+ 19. Kb1 O-O 20. Qxc6
Qd5 21. Qxd5 exd5 22. Nd7 Rd8 23. Ne5 Bxe5 24. dxe5 Ne7 25. Rd3 Nf5 26. Rfd1
Re8 27. a4 Re6 1/2-1/2

[Event "Hyeres"]
[Site "Hyeres"]
[Date "2005.08.14"]
[Round "?"]
[White "De Rouze, Guillaume"]
[Black "Vaute, Denis"]
[Result "1-0"]
[WhiteElo "1700"]
[BlackElo "1910"]
[PlyCount "31"]
[EventDate "2005.??.??"]
[EventCountry "FRA"]

1. d4 f5 2. e4 fxe4 3. Nc3 Nf6 4. f3 exf3 5. Nxf3 e6 6. Bd3 Bb4 7. O-O O-O 8.
Bg5 Bxc3 9. bxc3 b6 10. Qe1 Qe8 11. Bxf6 Rxf6 12. Qe4 Nc6 13. Qxh7+ Kf8 14. Ng5
Bb7 15. Qh8+ Ke7 16. Qxg7+ 1-0

[Event "Hyeres"]
[Site "Hyeres"]
[Date "2005.08.14"]
[Round "?"]
[White "Descamps, Thomas"]
[Black "Fevat, Tristan"]
[Result "0-1"]
[WhiteElo "1820"]
[BlackElo "2076"]
[PlyCount "72"]
[EventDate "2005.??.??"]
[EventCountry "FRA"]

1. e4 c5 2. Nc3 a6 3. Nf3 b5 4. d4 cxd4 5. Nxd4 e6 6. Bd3 Qb6 7. Nf3 Nc6 8. Be3
Bc5 9. Bxc5 Qxc5 10. O-O Nge7 11. a3 Ng6 12. Ne2 O-O 13. b4 Qb6 14. c4 bxc4 15.
Bxc4 Nce5 16. Nxe5 Nxe5 17. Bb3 Bb7 18. Ng3 Rac8 19. Rc1 Rxc1 20. Qxc1 Rc8 21.
Qb2 Qc7 22. Ne2 Bxe4 23. Rc1 Bc6 24. Qd4 Ng6 25. a4 Qb7 26. Qc5 Rb8 27. Qg5
Qxb4 28. Bc2 h6 29. Qg3 Rc8 30. Bxg6 fxg6 31. Qxg6 Qxa4 32. Ng3 Qf4 33. Re1 Rf8
34. f3 Qd4+ 35. Kh1 Rxf3 36. Nh5 Rf2 0-1

[Event "Hyeres"]
[Site "Hyeres"]
[Date "2005.08.13"]
[Round "?"]
[White "Descamps, Thomas"]
[Black "Henneteau, Jeremie"]
[Result "1/2-1/2"]
[WhiteElo "1820"]
[BlackElo "2131"]
[PlyCount "71"]
[EventDate "2005.??.??"]
[EventCountry "FRA"]

1. e4 d5 2. exd5 Qxd5 3. Nc3 Qd6 4. Nf3 Nf6 5. Bc4 a6 6. a4 Nc6 7. d3 Bg4 8. h3
Bh5 9. d4 Bxf3 10. Qxf3 Qxd4 11. Bb3 e6 12. Be3 Qe5 13. O-O-O Bd6 14. Rhe1 Qa5
15. Bd2 Qc5 16. Be3 Qb4 17. Bg5 O-O-O 18. Bxf6 Qf4+ 19. Qxf4 Bxf4+ 20. Kb1 gxf6
21. g3 Bd2 22. Rg1 Bxc3 23. bxc3 Rd6 24. Rd3 Rhd8 25. Rgd1 Ne5 26. Rd4 Nf3 27.
R4d3 Nd2+ 28. R1xd2 Rxd3 29. Rxd3 Rg8 30. Rf3 f5 31. Rf4 Kd7 32. Rh4 Rg7 33.
Kc1 f6 34. Kd2 Kd6 35. Rb4 c6 36. g4 1/2-1/2

[Event "Hyeres"]
[Site "Hyeres"]
[Date "2005.08.15"]
[Round "?"]
[White "Descamps, Thomas"]
[Black "Leygue, Dominique"]
[Result "0-1"]
[WhiteElo "1820"]
[BlackElo "2322"]
[PlyCount "78"]
[EventDate "2005.??.??"]
[EventCountry "FRA"]

1. e4 e5 2. Nf3 Nc6 3. Bc4 Nf6 4. Ng5 Bc5 5. Nxf7 Bxf2+ 6. Kf1 Qe7 7. Nxh8 d5
8. Qf3 Bb6 9. Bxd5 Nd4 10. Bf7+ Kf8 11. Qd3 Bg4 12. Nc3 Rd8 13. h3 Ne2 14.
Qxd8+ Qxd8 15. Nxe2 Bxe2+ 16. Kxe2 Nxe4 17. b3 Bc5 18. Re1 g6 19. Bc4 Qg5 20.
g4 Qf4 21. c3 Bf2 22. Nf7 Bxe1 23. Kxe1 b5 24. Bd5 Qg3+ 25. Ke2 Qg2+ 26. Ke3
Qf2+ 27. Kd3 Nc5+ 28. Kc2 Qe2 29. Nxe5 Qxe5 30. Bc6 b4 31. Bb2 Qe2 32. cxb4
Qd3+ 33. Kd1 Ne4 34. Bxe4 Qxe4 35. g5 Qf3+ 36. Kc2 Qf5+ 37. d3 Qxg5 38. Rf1+
Kg8 39. Rf6 Qg2+ 0-1

[Event "Hyeres"]
[Site "Hyeres"]
[Date "2005.07.29"]
[Round "?"]
[White "Djoudi, Amar"]
[Black "Gaudeau, Valentin"]
[Result "1-0"]
[WhiteElo "2145"]
[BlackElo "1998"]
[PlyCount "39"]
[EventDate "2005.??.??"]
[EventCountry "FRA"]

1. f4 e5 2. fxe5 d6 3. exd6 Bxd6 4. Nf3 Nf6 5. d4 Ng4 6. Qd3 O-O 7. e4 Nc6 8.
e5 Nb4 9. Qb3 Bf5 10. Na3 Be7 11. h3 Bh4+ 12. Nxh4 Qxh4+ 13. g3 Qd8 14. hxg4
Bxg4 15. c3 Nc6 16. Qc2 f5 17. Bc4+ Kh8 18. Qh2 h5 19. Qxh5+ Bxh5 20. Rxh5# 1-0

[Event "Hyeres"]
[Site "Hyeres"]
[Date "2005.08.12"]
[Round "?"]
[White "Djoudi, Amar"]
[Black "Gauffriaud, Carine"]
[Result "1-0"]
[WhiteElo "2145"]
[BlackElo "1760"]
[PlyCount "85"]
[EventDate "2005.??.??"]
[EventCountry "FRA"]

1. f4 d5 2. Nf3 Nf6 3. b3 c5 4. Bb2 e6 5. e3 Nc6 6. Bb5 Bd7 7. O-O a6 8. Bxc6
Bxc6 9. Ne5 d4 10. Nxc6 bxc6 11. Qf3 Rc8 12. e4 h5 13. Na3 Ng4 14. g3 Rh6 15.
h3 Nf6 16. Nc4 Nd7 17. e5 Nb6 18. f5 Nxc4 19. bxc4 exf5 20. Qxf5 Rc7 21. Rae1
Qd7 22. d3 Qxf5 23. Rxf5 h4 24. g4 Re7 25. Ba3 Ree6 26. Rb1 f6 27. exf6 Rhxf6
28. Rxf6 Rxf6 29. Re1+ Kd7 30. Kg2 Bd6 31. Bc1 Re6 32. Re4 Rxe4 33. dxe4 Ke6
34. Kf3 Kf6 35. g5+ Kg6 36. Kg4 Bg3 37. Bf4 Be1 38. Bc7 Bg3 39. Bxg3 hxg3 40.
Kxg3 Kxg5 41. h4+ Kf6 42. Kf4 a5 43. a4 1-0

[Event "Hyeres"]
[Site "Hyeres"]
[Date "2005.07.31"]
[Round "?"]
[White "Djoudi, Saïd"]
[Black "Penloup, Dominique"]
[Result "1/2-1/2"]
[WhiteElo "2020"]
[BlackElo "1927"]
[PlyCount "89"]
[EventDate "2005.??.??"]
[EventCountry "FRA"]

1. e4 c5 2. d4 cxd4 3. c3 Nf6 4. e5 Nd5 5. Nf3 Nc6 6. cxd4 d6 7. exd6 Qxd6 8.
Nc3 Bg4 9. Be2 g6 10. O-O Bg7 11. Qb3 Nb6 12. Ng5 Be6 13. Nxe6 fxe6 14. Nb5 Qd7
15. Bg4 Nd5 16. Re1 Nd8 17. Bg5 O-O 18. Rxe6 Nxe6 19. Re1 Nxd4 20. Bxd7 Nxb3
21. Be6+ Kh8 22. Bxd5 Nd4 23. Nc7 Rac8 24. Rxe7 Nf5 25. Rd7 h6 26. Bf4 g5 27.
g4 Nh4 28. Be3 Rfd8 29. Re7 Rxc7 30. Rxc7 Rxd5 31. Kf1 Nf3 32. h3 Bxb2 33. Rxb7
Bd4 34. Bxd4+ Nxd4 35. Rxa7 Rd6 36. a4 Nb3 37. a5 Nc5 38. Rc7 Na6 39. Rb7 Rd5
40. Rb6 Rxa5 41. Rxh6+ Kg7 42. Rh5 Rc5 43. h4 gxh4 44. Rxh4 Nb4 45. Rh3 1/2-1/2

[Event "Hyeres"]
[Site "Hyeres"]
[Date "2005.08.13"]
[Round "?"]
[White "Fevat, Tristan"]
[Black "De Rouze, Guillaume"]
[Result "1-0"]
[WhiteElo "2076"]
[BlackElo "1700"]
[PlyCount "47"]
[EventDate "2005.??.??"]
[EventCountry "FRA"]

1. c4 e5 2. Nc3 Nf6 3. g3 Bb4 4. Bg2 O-O 5. Nf3 Re8 6. O-O c6 7. Na4 b5 8. cxb5
cxb5 9. a3 d5 10. axb4 bxa4 11. Qxa4 Qd6 12. d4 exd4 13. Nxd4 Bd7 14. b5 Ne4
15. Bf4 Qf6 16. Be3 Bc8 17. b6 Qd8 18. Nb5 Na6 19. bxa7 Nac5 20. Qc2 Ba6 21.
Bxe4 Bxb5 22. Bxh7+ Kh8 23. Bxc5 Rxe2 24. Qf5 1-0

[Event "Hyeres"]
[Site "Hyeres"]
[Date "2005.08.14"]
[Round "?"]
[White "Fevat, Tristan"]
[Black "Henneteau, Jeremie"]
[Result "0-1"]
[WhiteElo "2076"]
[BlackElo "2131"]
[PlyCount "95"]
[EventDate "2005.??.??"]
[EventCountry "FRA"]

1. c4 c5 2. Nf3 Nc6 3. Nc3 Nf6 4. d4 cxd4 5. Nxd4 a6 6. g3 g6 7. Nc2 Bg7 8. Bg2
O-O 9. O-O d6 10. e4 Bg4 11. f3 Be6 12. Nd5 Nd7 13. Rb1 Nce5 14. Qe2 b5 15.
cxb5 Bxd5 16. exd5 axb5 17. f4 Nc4 18. b3 Ncb6 19. Nb4 Nc8 20. Bb2 Qb6+ 21. Kh1
Bxb2 22. Rxb2 Nf6 23. Nc6 Re8 24. f5 Kg7 25. Qe1 g5 26. Re2 Qc5 27. Qd2 h6 28.
h3 Nb6 29. Nxe7 b4 30. Rc1 Qb5 31. Rce1 Qc5 32. Bf3 Qc3 33. Qxc3 bxc3 34. a4
Nbd7 35. Kg2 Nc5 36. Rc1 Nxb3 37. Rxc3 Nd4 38. Ree3 Rxa4 39. g4 Nxf3 40. Kxf3
Rxe7 41. Rxe7 Nxd5 42. Rcc7 Nxc7 43. Rxc7 Ra3+ 44. Ke4 Rxh3 45. Rd7 Rg3 46. f6+
Kxf6 47. Rxd6+ Kg7 48. Kf5 0-1

[Event "Hyeres"]
[Site "Hyeres"]
[Date "2005.08.12"]
[Round "?"]
[White "Fevat, Tristan"]
[Black "Vaute, Denis"]
[Result "1-0"]
[WhiteElo "2076"]
[BlackElo "1910"]
[PlyCount "59"]
[EventDate "2005.??.??"]
[EventCountry "FRA"]

1. c4 e5 2. Nc3 Nf6 3. g3 d5 4. cxd5 Nxd5 5. Bg2 Nb6 6. Nf3 Nc6 7. O-O Be7 8.
d3 Be6 9. Be3 Nd5 10. Nxd5 Bxd5 11. Qa4 O-O 12. Rfd1 Be6 13. d4 exd4 14. Nxd4
Nxd4 15. Bxd4 Qc8 16. Rac1 c6 17. b4 a6 18. Qc2 Bf5 19. Qb2 f6 20. Bb6 Bd8 21.
Bc5 Re8 22. a4 Bc7 23. b5 axb5 24. axb5 Qe6 25. bxc6 bxc6 26. Qb7 Rac8 27. Bxc6
Be4 28. Bxe4 Qxe4 29. Qxe4 Rxe4 30. Bd6 1-0

[Event "Hyeres"]
[Site "Hyeres"]
[Date "2005.08.15"]
[Round "?"]
[White "Gardes, Williams"]
[Black "De Rouze, Guillaume"]
[Result "1-0"]
[WhiteElo "1942"]
[BlackElo "1700"]
[PlyCount "51"]
[EventDate "2005.??.??"]
[EventCountry "FRA"]

1. e4 c5 2. Nf3 e6 3. d4 cxd4 4. Nxd4 a6 5. c4 d6 6. Nc3 Nf6 7. Bd3 Qc7 8. O-O
b6 9. f4 Nbd7 10. Nf3 Bb7 11. f5 e5 12. Nd2 g6 13. Rf3 Be7 14. Qe2 O-O-O 15.
Nf1 gxf5 16. Rxf5 Rdg8 17. Nd5 Nxd5 18. cxd5 Nc5 19. Be3 Nxd3 20. Qxd3 Kb8 21.
Rxf7 Qd8 22. Qb3 Rxg2+ 23. Kxg2 Qg8+ 24. Ng3 Qxf7 25. Qxb6 Bh4 26. Rc1 1-0